African Capital Border Blitz Quiz Stats

Quiz Updated Sep 15, 2015

Challenge
Share
Tweet
Embed
Score 0/54 Timer 01:00
0 Plays Today
% Correct
Tripoli (Libya)
95.3%
Khartoum (Sudan)
95.1%
Cairo (Egypt)
89%
Juba (South Sudan)
87%
Algiers (Algeria)
85.5%
Addis Ababa (Ethiopia)
83.3%
Dodoma (Tanzania)
83.2%
Maputo (Mozambique)
81.6%
Kampala (Uganda)
81.4%
Pretoria (South Africa)
81.1%
Niamey (Niger)
80.6%
Gaborone (Botswana)
80.5%
Harare (Zimbabwe)
80.2%
Windhoek (Namibia)
80.1%
Nairobi (Kenya)
79.8%
Kinshasa (Dem Rep Congo)
79.5%
Bangui (Cen Afr Rep)
76.7%
Lusaka (Zambia)
76.1%
Mbabane (Swaziland)
75%
Bamako (Mali)
74.3%
Mogadishu (Somalia)
73.4%
Tunis (Tunisia)
72.3%
N'Djamena (Chad)
72.3%
Maseru (Lesotho)
72%
Brazzaville (Rep Congo)
71.6%
Luanda (Angola)
70.3%
Nouakchott (Mauritania)
66.2%
% Correct
Kigali (Rwanda)
66.1%
Ouagadougou (Burkina Faso)
65.1%
Conakry (Guinea)
65%
Rabat (Morocco)
64.7%
Yaoundé (Cameroon)
63.9%
Yamoussoukro (Cote d'Ivoire)
63.3%
Asmara (Eritrea)
62.8%
Bujumbura (Burundi)
62.7%
Djibouti (Djibouti)
60.5%
Dakar (Senegal)
57.3%
Porto Novo (Benin)
56.8%
Abuja (Nigeria)
52.2%
Lomé (Togo)
50%
Accra (Ghana)
48.6%
Lilongwe (Malawi)
46.1%
Bissau (Guinea-Bissau)
44.7%
Monrovia (Liberia)
42.2%
Libreville (Gabon)
40.7%
Freetown (Sierra Leone)
40.5%
Banjul (Gambia)
39.8%
Malabo (Equatorial Guinea)
31.6%
Antananarivo (Madagascar)
28.5%
Victoria (Seychelles)
27.2%
São Tomé (São Tomé and Príncipe)
27.2%
Praia (Cabo Verde)
24.1%
Port Louis (Mauritius)
20.7%
Moroni (Comoros)
20.6%

You're not logged in!

Compare scores with friends on all Sporcle quizzes.
Join for Free
OR
Log In

You Might Also Like...

Show Comments

Extras

Top Quizzes Today


Score Distribution

Your Account Isn't Verified!

In order to create a playlist on Sporcle, you need to verify the email address you used during registration. Go to your Sporcle Settings to finish the process.

Report this User

Report this user for behavior that violates our Community Guidelines.

Details: